| 000 | 00000nam##2200000za#4500 |
| 001 | 9.641284 |
| 003 | CaOODSP |
| 005 | 20250910142445 |
| 007 | cr ||||||||||| |
| 008 | 150407|2003||||xxc|||||o f|0| 0 fre|d |
| 040 | |aCaOODSP|bfre |
| 043 | |an-cn--- |
| 086 | 1 |aD2-316/2003F-PDF |
| 110 | 1 |aCanada. |bMinistère de la défense nationale. |
| 245 | 13|aLa force de demain : |h[ressource électronique]|bvision conceptuelle des capacités de l'Armée de terre / |c[par] Direction des concepts stratégiques (Opérations terrestres), Kingston, Ontario. |
| 260 | |aOttawa - Ontario : |bDéfense nationale |c2003. |
| 300 | |a257p.|bfigures, graphiques, références |
| 590 | |a13-03-Supp|b2013-02-11 |
| 691 | 07|aArmée|2gcpds |
| 691 | 07|aFutur|2gcpds |
| 775 | 08|tFuture force : |w(CaOODSP)9.697217 |
| 856 | 40|ahttp://publications.gc.ca|qPDF|s3.14 Mo|uhttps://publications.gc.ca/collections/collection_2013/dn-nd/D2-316-2003-fra.pdf |